000 00518nam a2200193 i 4500
003 DO-SdBNP
005 20230413153807.0
007 ta
008 230413b dr ||||| |||| 00| 0 spa d
020 _a9789993429418
040 _aDO-SdBNP
_bspa
_cBNPHU
_erda
082 4 _222
245 1 0 _aCon buena educación tú puedes ser el mejor /
_cEddy Matos Díaz
264 _aSanto Domingo :
_bCollado,
_c2007.
300 _a196 p. ;
_c22 cm.
590 _aInventariado, 2023/BT
910 _aBtavárez
942 _2ddc
_cLBS1
999 _c53240
_d53240